Afrikan pääkaupunkeja - Hirsipuu - Statistics

Yleistilastot
  • Tätä visaa on pelattu 47 kertaa
  • Keskiarvotulos 4 / 6
Vastaustilastot
Kirjaimet % Oikein
A
100%
A
100%
A
100%
A
100%
A
100%
A
100%
A
100%
A
100%
A
100%
A
100%
A
100%
A
100%
A
100%
A
100%
A
100%
E
100%
E
100%
G
100%
G
100%
I
100%
I
100%
K
100%
M
100%
M
100%
M
100%
M
100%
M
100%
N
100%
O
100%
O
100%
O
100%
P
100%
R
100%
R
100%
S
100%
T
100%
T
100%
U
100%
B
67%
I
67%
L
67%
N
67%
N
67%
N
67%
A
50%
A
50%
B
50%
I
50%
J
50%
K
50%
L
50%
L
50%
S
50%
S
50%
S
50%
U
50%
U
50%
U
50%
U
50%
B
33%
G
33%
I
33%
M
33%
U
33%
A
0%
A
0%
A
0%
B
0%
D
0%
D
0%
D
0%
E
0%
E
0%
G
0%
H
0%
I
0%
I
0%
K
0%
L
0%
M
0%
N
0%
O
0%
O
0%
O
0%
R
0%
R
0%
R
0%
S
0%
U
0%
Y
0%
Ehtoja vastaavia visoja ei löytynyt
Tulosjakauma
Jokaisen tuloksen saaneiden osuus
Persentiili vastausten määrän mukaan
Tuloshistoriasi
Et ole pelannut tätä visaa